000 00925cam a22002291 4500
001 gs 26000152
003 DLC
005 20260227111330.0
008 871210s1925 ag bf 000 0 spa c
010 _ags 26000152
035 _a(OCoLC)17215181
040 _aU.S. Geol. survey. Library
_cTxDaM
_dDLC
042 _apremarc
050 0 0 _aQE231
_b.A35 no. 12
100 1 _aBeder, Robert,
_d1885-
245 1 0 _aInforme sobre un yacimiento de mineral de hierro en la Sierra de Paganzo, Provincia de la Rioja,
_cpor Roberto Beder.
260 _aBuenos Aires,
_bTalleres gráficos del Ministerio de agricultura de la nación,
_c1925.
300 _a9 p.
_bIV pl. (incl. col. map)
_c27 cm.
490 0 _aArgentine republic. Dirección general de minas, geología e hidrologia. Publicación
_vno. 12
500 _aAt head of title: República Argentina. Ministerio de agricultura de la nación.
650 0 _aIron ores
_zArgentina.
999 _c26457
_d26457